1467 1151 1537 1145 1121 1737 1992 1817 1714 1736 1203 1527 1458 1167 1703 1267 1802 1007 1215 1928 1851 1283 1094 1137 1530 1629 1412 1398 1785 1568 1979 1656 1254 1118 1817 1807 1711 1509 1189 1613 1520 1452 1398 1802 1417 1669 1204 1175 1989 1929 1340 1472 1825 1857 1628 1733 1712 1080 1036 1292 1251 1848 1286 1915 1317 1078 1578 1709 1532 1416 1034 1307 1335 1857 1269 1824 1109 1977 1695 1670 1735 1670 1299 1714 1944 1990 1279 1726 1686 1985 1731 1476 1480 1236 1344 1188 1654 1391 1236 BCNSPRNW ULIB Ver.6.0+V

เปลี่ยนเป็นภาษาไทย

Change to English
 แสดงรายละเอียดบรรณานุกรม
  กลับหน้าหลัก

Brief Record : Get Marc (ISO 2709) : E-mail record : QR code < ปิดหน้าต่าง
LEADER : 00000nam 2200000uu 4500
001    13399126013
003     ULIB
008    180427s2559||||th 000 0 tha d
020    ^a9786160027354
050    ^aนว^bพ289ภ
100  0  ^aพรรณสิริ.
245  1  ^aภูผามังกร /^cพรรณสิริ.
250    ^aพิมพ์ครั้งที่ 1.
260    ^aกรุงเทพฯ :^bPrincess,^c2559.
300    ^a419 หน้า ;^c21 ซม.
490  1  ^aชุดจอมใจพยัคฆ์
830    0 ^aชุดจอมใจพยัคฆ์.
850    ^aมบ.
945    ^p300^l0^i003427
999    ^aประนอม เกษจรัล
รายการนี้ยังไม่มีแท็ก
คุณยังไม่ได้ล็อกอิน คุณสามารถมีกิจกรรมร่วมกับเว็บไซต์ได้ แต่ต้องล็อกอินก่อน ::
  ล็อกอิน

รายการสื่อสารสนเทศ

ลำดับที่ ประเภท เลขเรียก/บาร์โค้ด สถานที่ สถานะ
1. นวนิยาย
นวนิยาย
นว พ289ภ ฉ.1 
  Barcode: 003427
ห้องสมุดวิทยาเขตนครสวรรค์
►นวนิยาย:l:Fiction
บนชั้น

BibComment


ยังไม่เคยถูกคอมเมนท์

คอมเมนท์ทรัพยากรรายการนี้
  คอมเมนท์: ภูผามังกร พรร..


 Copyright 2026. Bcnsprnw @Library